Statistiques concernant Classement 5 grands championnats

Cliquez ici pour prendre le quiz!

Statistiques générales

  • Ce quiz a été pris 152 fois
  • Le résultat moyen est 26 sur 98

Statistiques - réponses

EquipesPaysPlaceGNPPts/M% Correct
1Manchester CityENG129632.45
94%
2LiverpoolENG228822.42
87%
3Bayern MunichGER124552.26
80%
5Real MadridESP126842.26
78%
14MarseilleFRA221891.87
73%
19ArsenalENG5223131.82
68%
32LyonFRA81711101.61
66%
10ChelseaENG3211161.95
64%
7InterITA225942.21
63%
17JuventusITA4201081.84
63%
9DortmundGER222392.03
62%
6MilanITA126842.26
60%
18MonacoFRA320991.82
57%
15Atlético MadridESP321891.87
51%
40LilleFRA101413111.45
51%
4Paris S-GFRA126842.26
50%
42Leicester CityENG81410141.37
48%
28LensFRA71711101.63
47%
20RennesFRA4206121.74
47%
8NapoliITA324772.08
46%
97Norwich CityENG2057260.58
45%
78Leeds UnitedENG17911181.00
44%
27RomaITA6189111.66
44%
13TottenhamENG4225111.87
44%
91BordeauxFRA20613190.82
42%
22RB LeipzigGER4177101.71
41%
21NiceFRA5207111.74
40%
38NantesFRA91510131.45
39%
24LazioITA51810101.68
38%
11BarcelonaESP2211071.92
37%
87Saint-ÉtienneFRA18711200.84
37%
63Aston VillaENG14136191.18
36%
26StrasbourgFRA6171291.66
34%
37West HamENG7168141.47
31%
64MontpellierFRA13127191.13
29%
34AtalantaITA81611111.55
28%
23BetisESP5198111.71
28%
60ReimsFRA121113141.21
28%
53BrestFRA11139161.26
27%
12LeverkusenGER319781.88
26%
25Union BerlinGER516991.68
25%
82LorientFRA16812180.95
24%
89MetzFRA19613190.82
24%
16SevillaESP4181641.84
24%
33VillarrealESP71611111.55
23%
69AngersFRA141011171.08
21%
74EvertonENG16116211.03
21%
30Real SociedadESP61711101.63
21%
29FiorentinaITA7195141.63
20%
47TorinoITA101311141.32
19%
56WolfsburgGER12126161.24
19%
45BrightonENG91215111.34
18%
94GenoaITA19416180.74
18%
52ValenciaESP91115121.26
17%
48SassuoloITA111311141.32
16%
71SouthamptonENG15913161.05
16%
76TroyesFRA15911181.00
15%
85BurnleyENG18714170.92
14%
81SampdoriaITA15106220.95
14%
61BrentfordENG13137181.21
13%
79StuttgartGER15712150.97
13%
51Crystal PalaceENG121115121.26
12%
68EspanyolESP141012161.11
12%
35KölnGER71410101.53
12%
55Eint FrankfurtGER111012121.24
11%
92SalernitanaITA17710210.82
11%
46WolvesENG10156171.34
11%
62BolognaITA131210161.21
10%
59Celta VigoESP111210161.21
10%
72GetafeESP15815151.03
10%
44HoffenheimGER9137141.35
10%
65AugsburgGER14108161.12
9%
58BochumGER13126161.24
9%
67ElcheESP13119181.11
9%
54UdineseITA121114131.24
9%
70EmpoliITA141011171.08
8%
41Hellas VeronaITA91411131.39
8%
86LevanteESP19811190.92
8%
66Rayo VallecanoESP12119181.11
8%
73CádizESP17815151.03
7%
84Clermont FootFRA1799200.95
7%
57OsasunaESP101211151.24
7%
96WatfordENG1965270.61
7%
43Mainz 05GER8137141.35
6%
83SpeziaITA16106220.95
6%
90AlavésESP2087230.82
5%
93CagliariITA18612200.79
5%
31FreiburgGER6151091.62
5%
77GranadaESP18814161.00
5%
49M'GladbachGER10129131.32
5%
95VeneziaITA2069230.71
5%
88ArminiaGER17513160.82
4%
98Greuther FürthGER1839220.53
4%
39Athletic ClubESP81413111.45
3%
75MallorcaESP16109191.03
3%
36Manchester UtdENG61610121.53
2%
50Newcastle UtdENG111310151.29
2%
80Hertha BSCGER1696190.97
1%

Distribution des résultats

Percentile par nombre de réponses

% des personnes avec chaque résultat

Votre développement - résultats

Vous n’avez pas pris ce quiz